00809nam a2200193 a 450000100100000000500170001000800410002704000250006808200150009310000390010824501430014726000770029030000280036770000430039570000380043804900090047695201130048599900170059800002613920200930024333.0101013s1990 cu a 000 | spa d aDO-SdBNPbspacBNPHU axxxbR177c1 aRamírez, Alicia Elizundia95311310aCúspide :bevocación de un ayer con presente /cAlicia Elizundia Ramírez, Joaquín Borges Triana; edición José Rodríguez Feo. aCiudada de la Habana :bUnión de Escritores y Artistas de Cuba,c1990. a283 p. :bil. ;c18 cm.1 aRodríguez Feo , José ,eed.9168791 aBorges Triana, Joaquín ,953114 aBNGR 001050718MOaGRbGRcCTd2011-03-02iLF1l0oxxx R177cp26139-10r2020-06-25w2020-06-25y1ZNo se presta c25631d25631